Az online kereskedelem alakulása, trendjei. A Zalando működése és sikertényezői

Bibliográfiai részletek
Szerző: Kóti Fanni Zsófia
További közreműködők: Békési Gábor György
Dokumentumtípus: Projektmunka
Kulcsszavak:e-kereskedelem
elektronikus kereskedelem - online kereskedelem
marketingstratégiák
online értékesítés
stratégiai marketing
Online Access:http://dolgozattar.uni-bge.hu/59904

MARC

LEADER 00000nnm a2200000 i 4500
001 dolg59904
005 20260409145726.0
008 260409suuuu hu o 000 hun d
040 |a BGE Dolgozattár Repozitórium  |b hun 
041 |a hu 
100 1 |a Kóti Fanni Zsófia 
245 1 3 |a Az online kereskedelem alakulása, trendjei. A Zalando működése és sikertényezői  |c Kóti Fanni Zsófia  |h [elektronikus dokumentum] 
516 |a Project_work 
520 3 |a A szakdolgozatom témája az online kereskedelem alakulása, trendjei, a Zalando működése és sikertényezői. Szakdolgozatom célja, hogy részletes és komplex képet fessen az online kereskedelem jelenlegi helyzetéről és a mostani, illetve jövőbeli várható irányzatairól, trendjeiről, különös hangsúlyt fektetve a Zalando példáján keresztül annak bemutatására, hogy egy vállalat miként válhat meghatározó szereplővé ebben a rendkívül dinamikusan fejlődő iparágban. Emellett vizsgálom, hogy a Zalando sikerének hátterében álló nélkülözhetetlen tényezők milyen értékes tanulságokkal szolgálhatnak más online kereskedelmi vállalkozások számára, valamint azt, hogy a vállalat működése hogyan illeszkedik a mai kor gazdasági, társadalmi és technológiai kihívásainak összetett rendszerébe. Reményeim szerint ezen értekezés hozzájárul az online kereskedelem sokrétűségének és kiemelkedő jelentőségének mélyebb megértéséhez a napjainkban. 
695 |a e-kereskedelem 
695 |a elektronikus kereskedelem - online kereskedelem 
695 |a marketingstratégiák 
695 |a online értékesítés 
695 |a stratégiai marketing 
700 1 |a Békési Gábor György  |e ths 
856 4 0 |u http://dolgozattar.uni-bge.hu/59904/1/kotifannizsofia_kde48a_szakdolgozat.pdf  |z Dokumentum-elérés 
856 4 0 |u http://dolgozattar.uni-bge.hu/59904/2/Biralat_K%C3%B3ti%20Fanni%20Zs%C3%B3fia.pdf  |z Dokumentum-elérés